Komunikace pro strážce : [příručka pro stráž přírody II] /

Hlavní autor: Valenta, Josef, 1954-
Jazyk: Čeština
Vydáno: Litoměřice : Asociace strážců přírody ČR, 2013
Témata:
Fyzický popis: 48 s. ; 21 cm
Knihy
Uloženo v:
LEADER 01349nam a2200385 a 4500
001 nkc20132445662
003 CZ PrNK
005 20130514134553.0
007 ta
008 130306s2013 xr e f 000 0 cze
015 |a cnb002445662 
020 |a 978-80-260-4031-6  |q (brož.) :  |c neprodejné 
035 |a (OCoLC)842344493 
040 |a OLA001  |b cze  |d ABA001 
072 7 |a 316.4/.7  |x Sociální interakce. Sociální komunikace  |2 Konspekt  |9 18 
080 |a 502.17+349.6  |2 MRF 
080 |a 316.772.4  |2 MRF 
080 |a (035)  |2 MRF 
100 1 |a Valenta, Josef,  |d 1954-  |7 jn19981002291  |4 aut 
245 1 0 |a Komunikace pro strážce :  |b [příručka pro stráž přírody II] /  |c Josef Valenta 
260 |a Litoměřice :  |b Asociace strážců přírody ČR,  |c 2013 
300 |a 48 s. ;  |c 21 cm 
500 |a 400 výt. 
504 |a Obsahuje bibliografii 
650 0 7 |a stráž přírody  |7 ph548970  |2 czenas 
650 0 7 |a interpersonální komunikace  |7 ph121153  |2 czenas 
650 0 9 |a ranger service  |2 eczenas 
650 0 9 |a interpersonal communication  |2 eczenas 
655 7 |a příručky  |7 fd133209  |2 czenas 
655 9 |a handbooks and manuals  |2 eczenas 
910 2 |a BOA001  |b 2-1304.295 
990 |a BK 
995 |a 01 
991 |b 201304  |c NOV  |e n 
996 6 |b 2610547324  |c 2-1304.295  |l MZK  |r Sklad / do 1 hodiny  |n 0  |p p.v.  |w 001324145  |u 000010  |a 1  |e BOA001  |j MZK50  |s P